000 00550 a2200169 4500
020 _a0007120982
_c575.60
035 _aB-211601
037 _bRP-ZLS-2783 / UBH-07-08:6 / RP-07-08:ENG
082 1 4 _a882
090 _c5044
_d5044
100 1 _aChristies, Agatha
245 1 _aThe mirror crack's from side to side
_cby Agatha Christies
260 _aLondon
_bHarper Collins Publishers
_c2002
300 _a351 p
_c18 cm (pbk)
942 _adpl
_cEN
_kN / CHI
999 _c4947
_d4947